CONCILIUM(RELIGION IN THE EIGHTIES) (Record no. 24483)

MARC details
000 -LEADER
fixed length control field 00338nam a2200133Ia 4500
005 - DATE AND TIME OF LATEST TRANSACTION
control field 20250409181551.0
008 - FIXED-LENGTH DATA ELEMENTS--GENERAL INFORMATION
fixed length control field 250409s9999||||xx |||||||||||||| ||und||
100 ## - MAIN ENTRY--PERSONAL NAME
Personal name ELIZONDO
245 #0 - TITLE STATEMENT
Title CONCILIUM(RELIGION IN THE EIGHTIES)
260 ## - PUBLICATION, DISTRIBUTION, ETC.
Name of publisher, distributor, etc. CLARK PUBLICATION
Place of publication, distribution, etc. NEWYORK
300 ## - PHYSICAL DESCRIPTION
Extent 94.P
650 ## - SUBJECT ADDED ENTRY--TOPICAL TERM
Form subdivision Christianity
Topical term or geographic name entry element RELIGION
942 ## - ADDED ENTRY ELEMENTS (KOHA)
Koha item type BOOK
Holdings
Withdrawn status Lost status Damaged status Not for loan Collection Home library Current library Shelving location Date acquired Total checkouts Full call number Barcode Date last seen Price effective from Koha item type
        Christianity St.Dominics College Library St.Dominics College Library General Stack 04/09/2025   270.091724 ELI 33340 04/09/2025 04/09/2025 BOOK